MARC

LEADER 00000nab a2200000 a 4500
001 vtls011633780
003 SK-MaSNL
005 20260318115126.0
008 170531c2016 xo er p ||00 c0ukr
015 |a SNBRB2017/05 
038 |a SVKPOCL 
040 |a SVKPOCL  |b slo  |c SVKPOCL  |e AACR2 
041 0 |a ukr 
044 |a xo  |c SK 
080 |a 316.022.4(=161.2)(477)  |2 2011 
080 |a (=161.25)(477)  |2 2011 
080 |a (477)  |2 2011 
080 |a 2-722.53:272/273  |2 2011 
080 |a 27-9:930.85  |2 2011 
080 |a 272/273(091)  |2 2011 
080 |a 2-9"1771"  |2 2011 
080 |a 2-9"1815/1818"  |2 2011 
245 0 0 |a 19-ho septembra 1771-ho roku papa rymskўj Klement ...  |c [autor] -tl- 
246 3 3 |a 19-ho septembra 1771-ho roku papa rymskŷj Klement ... 
246 3 |a Devjatnadc'atoho septembra 1771-ho roku papa rymskŷj Klement ... 
300 |b Fotogr. 
500 |a V rubrike Našy osobnosty Istoričnўj kalendar' 
600 1 7 |a Bradáč, Ján,  |d 1732-1772  |2 svkpocl  |9 640127 
600 1 7 |a Oľšavský, Michal Emanuel,  |d 1700-1767  |2 svkpocl  |9 199600 
600 1 7 |a Bačinský, Andrej,  |d 1732-1809  |2 svkpocl  |9 281957 
600 0 7 |a Klement  |b XIV.,  |c pápež,  |d 1705-1774  |2 svkpocl  |9 349721 
610 2 7 |a Gréckokatolícka cirkev.  |b Mukačevská eparchia  |2 svkpocl  |9 355090 
610 2 7 |a Gréckokatolícka cirkev  |2 SNKKA  |9 32576 
630 0 7 |a Eximia Regalium (bula)  |2 svkpocl  |9 1212265 
648 7 |a 19.9.1771  |2 svkpocl  |9 1348323 
648 7 |a 23.9.1771  |2 svkpocl  |9 1364584 
650 0 7 |a cirkevné dejiny  |2 SNKPH  |9 3909 
650 0 7 |a Rusíni  |2 SNKPH  |9 4087 
650 0 7 |a osobnosti  |2 SNKPH  |9 29820 
650 0 7 |a národné obrodenie  |2 SNKPH  |9 3795 
650 0 7 |a eparchie  |2 SNKPH  |9 117312 
651 7 |a Mukačevo (Ukrajina)  |2 SNKPH  |9 30450 
651 7 |a Užhorod (Ukrajina)  |2 SNKPH  |9 26707 
651 7 |a Ukrajina  |2 SNKPH  |9 168045 
773 0 |t Info Rusyn  |g Roč. XIII, č. 18 (2016), s. 11 
852 |a SVKPO  |b KIS3GCP 
856 4 2 |y Elektronická verzia informačného dvojtýždenníka je na: http://www.rusyn.sk 
958 |a RN 
958 |a SS 
958 |a BC 
958 |a NT 
958 |a UA 
999 |c 3304413  |d 3306343